Top 10 ballon d'or 2004. - Statistiques

Statistiques générales
  • Ce quiz a été pris 104 fois
  • Le résultat moyen est 6 sur 10
Statistiques - réponses
Points Joueurs Clubs % Correct
80 Thierry Henry Arsenal
98%
133 Ronaldinho Barca
86%
175 Andriy Shevchenko Milan
85%
139 Deco Porto/ Barca
81%
22 Wayne Rooney Everton/ Man United
77%
18 Ruud Van Nistelrooy Man United
43%
18 Ricardo Carvalho Porto/ Chelsea
42%
23 Pavel Nedved Juve
39%
27 Adriano Parme/ Inter
16%
44 Theodoros Zagorakis AEK/ Bologne
1%
Aucun quiz correspondant
Distribution des résultats
% des personnes avec chaque résultat
Percentile par nombre de réponses
Votre historique - résultats
Vous n’avez pas pris ce quiz